01430nam a2200337 a 4500001001000000003000500010005001700015008004100032010001100073011001100084040000900095090001000104100004200114245009800156260004100254500006000295502007100355590004000426590004000466650007500506650004500581650004900626650004500675856006400720901000700784942001000791942000600801999001900807952013100826952013500957000113183CHAP20220329144342.0170511s2016 mx a fsm |||||||spa d a109644 a110616 cCHAP aTesis1 aGuzmán Romero, Luis Alfonso913217510aModelo lluvia escurrimiento del río Tula /h[En línea]cpor Luis Alfonso Guzmán Romero. aChapingo, Méx. :bEl autor,c2016. aPara ver el contenido del material haga clic en la liga aTesis (Ing. en Irrigación) -- UACH. Departamento de Irrigación aE8697GMMb05c20170511lUCH01h0941 aE8697GMMb05c20170511lUCH01h140814aCuencas hidrológicasxEscurrimientosxModelos matemáticos.913217614aCuencas hidrológicaszHidalgo.913218414aCuencasxEscurrimientosxMedición.913160214aEscurrimientosxAprovechamiento.9131831 aFinding aiduhttp://10.13.5.2/tesis/sist.pdfzTeclea aquí aBK cTESIS n0 c109644d109644 00104054718TESISaBCbBCd2017-05-11fTESISl0oTesisp113185-10r2019-12-31 00:00:00w2019-12-31yTESISzRecien adquirido 00102local4053708TESISaBCbBCcPA_TESISd2017-05-11fTESISl0oTesisp113185-20r2019-12-31 00:00:00tc.2w2019-12-31yTESIS